LEADER 01566nas 2200433- 450 001 9910584582203321 005 20230123213018.0 035 $a(DE-599)ZDB2865185-6 035 $a(OCoLC)777210915 035 $a(CKB)1000000000267191 035 $a(CONSER)--2016204023 035 $a(EXLCZ)991000000000267191 100 $a19880201a19669999 s-- - 101 0 $aeng 135 $aur|n||||||||| 181 $ctxt$2rdacontent 182 $cc$2rdamedia 183 $acr$2rdacarrier 200 10$aActa Facultatis Educationis Physicae Universitatis Comenianae 210 1$aWarsaw, Poland ;$aDe Gruyter Open 300 $aRefereed/Peer-reviewed 300 $aPrint version published: Bratislava : Slovenské Pedagogické Nakladatel?stvo, 1966- 311 $a0520-7371 517 1 $aActa Facultatis Educationis Fisicae Universitatis Comenianae 517 1 $aAFEPUC 606 $aPhysical education and training$vPeriodicals 606 $aPhysical education and training$zCzech Republic$vPeriodicals 606 $aPhysical education and training$2fast$3(OCoLC)fst01062401 607 $aCzech Republic$2fast 608 $aPeriodicals.$2fast 615 0$aPhysical education and training 615 0$aPhysical education and training 615 7$aPhysical education and training. 676 $a796 712 02$aUniverzita Komenského v Bratislave.$bFakulta telesnej výchovy a ?portu, 906 $aJOURNAL 912 $a9910584582203321 996 $aActa Facultatis Educationis Physicae Universitatis Comenianae$91956140 997 $aUNINA LEADER 01442nam 22004815u 450 001 9910155287603321 005 20211006145124.0 010 $a9783318030501 010 $a3318030503 035 $a(CKB)3780000000101749 035 $a(OCoLC)1046111690 035 $a(SZ-BaSKA)219616 035 $a(MiAaPQ)EBC31865278 035 $a(Au-PeEL)EBL31865278 035 $a(EXLCZ)993780000000101749 100 $a20211006d1978 uy 0 101 0 $aeng 135 $aurunu||||| 181 $ctxt$2rdacontent 182 $cc$2rdamedia 183 $acr$2rdacarrier 200 10$aMinimal Brain Dysfunction: Fact or Fiction / $f editors, A.F. Kalverboer, H.M. van Praag, J. Mendlewicz 205 $a1st ed. 210 $aBasel : $cS. Karger, $d1978 215 $a1 online resource (VI + 110 pages) : $c 2 figures, 5 tables 225 1 $aIssn Series 311 08$a9783805528641 311 08$a3805528647 410 0$aIssn Series 517 $aMinimal Brain Dysfunction 606 $aPsychiatry 615 14$aPsychiatry 676 $a618.9/28/58 700 $aKalverboer$b A.F 701 $aKalverboer$b Alex Fedde$01230940 701 $aPraag$b Herman M. van$g(Herman Mei?r),$f1929-$0927954 701 $aMendlewicz$b J$g(Julien)$01230577 801 0$bUKSKG 801 1$bUKSKG 906 $aBOOK 912 $a9910155287603321 996 $aMinimal Brain Dysfunction: Fact or Fiction$92858042 997 $aUNINA